|
|
|
|
| LEADER |
00000csc a2200000 a 4500 |
| 001 |
50171-68 |
| 005 |
20231201062627.0 |
| 008 |
952071|1951 ||||||||r|||||||||||spa|| |
| 040 |
|
|
|b spa
|
| 041 |
1 |
|
|a spa
|
| 082 |
0 |
|
|a 860.9
|
| 100 |
1 |
|
|a Vega, Lope de.
|d 1562-1635
|9 195735
|
| 245 |
|
|
|a Poesías Líricas. Primeros Romances. Letras para Cantar. Sonetos
|c Lope de Vega
|h imp
|n tomo 1
|
| 264 |
|
|
|a México
|b Espasa-Calpe
|c 1951
|
| 300 |
|
|
|a lvi; 198 páginas:
|c 19 cm
|
| 490 |
|
|
|a Clásicos Castellanos
|n no. 68
|
| 504 |
|
|
|a incl. ref.
|
| 650 |
|
|
|a Poesia lirica española
|9 92281
|
| 852 |
|
|
|a UC-CDJBV
|c ESTANTERIA CERRADA
|f Compra
|k lucia.mora
|l 1
|m General
|p 19520718
|q 9,00
|r 8
|t 50171-68
|b 0
|d CDRC
|e CDRC
|g 860.9 ESTANTERIA CERRADA
|z 1952-20-71
|
| 942 |
|
|
|
| 999 |
|
|
|c 117022
|d 117022
|